000
00212 a2200097 4500
001
18308
100
_a
Malvino
245
_a
Transistor circuit approximation
260
_a
_b
McGraw-Hill
_c
090
_c
13601
_d
13601
942
_a
NUST-CAE
_c
M
_c
4005
999
_c
253381
_d
253381